Vybrané aspekty regionálneho manažmentu v kontexte klastrov v Slovenskej republike
Klastre ako súčasť regionálneho manažmentu. Vysvetlenie základných charakteristík regionálneho manažmentu z hľadiska teoretického a definovanie postavenia klastrov v procesoch regionálneho manažmentu z hľadiska praktického. Súčasťou týchto procesov je proces plánovania, ktorý z hľadiska klastrov súv...
Salvato in:
| Autore principale: | |
|---|---|
| Natura: | Capitolo di libro |
| Lingua: | slovacco |
| Soggetti: | |
| Tags: |
Nessun Tag, puoi essere il primo ad aggiungerne!!
|
MARC
| LEADER | 00000nla a2200000 4500 | ||
|---|---|---|---|
| 001 | 0199857 | ||
| 005 | 20240417075055.9 | ||
| 041 | 0 | |a slo | |
| 044 | |a CZ | ||
| 245 | 1 | 0 | |a Vybrané aspekty regionálneho manažmentu v kontexte klastrov v Slovenskej republike |c Katarína Havierniková |
| 520 | |a Klastre ako súčasť regionálneho manažmentu. Vysvetlenie základných charakteristík regionálneho manažmentu z hľadiska teoretického a definovanie postavenia klastrov v procesoch regionálneho manažmentu z hľadiska praktického. Súčasťou týchto procesov je proces plánovania, ktorý z hľadiska klastrov súvisí najmä s identifikáciou prevládajúceho odvetvia v regióne, ako základného predpokladu pre vznik klastra. Regionálny odvetvový potenciál v krajoch SR je zhodnotený prostredníctvom shift-share analýzy. | ||
| 610 | 2 | 0 | |a manažment |
| 610 | 2 | 0 | |a regióny |
| 610 | 2 | 0 | |a riadenie regionálne |
| 610 | 2 | 0 | |a klaster |
| 610 | 2 | 0 | |a konkurencieschopnosť |
| 100 | 1 | |a Havierniková, Katarína | |